<?xml version="1.0" encoding="UTF-8"?>
<record
    xmlns:xsi="http://www.w3.org/2001/XMLSchema-instance"
    xsi:schemaLocation="http://www.loc.gov/MARC21/slim http://www.loc.gov/standards/marcxml/schema/MARC21slim.xsd"
    xmlns="http://www.loc.gov/MARC21/slim">

  <leader>00995nam a22001457a 4500</leader>
  <datafield tag="999" ind1=" " ind2=" ">
    <subfield code="c">533446</subfield>
    <subfield code="d">533446</subfield>
  </datafield>
  <controlfield tag="008">260526b           ||||| |||| 00| 0 eng d</controlfield>
  <datafield tag="100" ind1=" " ind2=" ">
    <subfield code="a">Saghar, Amol </subfield>
    <subfield code="9">60795</subfield>
  </datafield>
  <datafield tag="245" ind1=" " ind2=" ">
    <subfield code="a">History of a dramatic tribal </subfield>
  </datafield>
  <datafield tag="260" ind1=" " ind2=" ">
    <subfield code="a">The Book Review  </subfield>
  </datafield>
  <datafield tag="300" ind1=" " ind2=" ">
    <subfield code="a">49(1), Jan, 2025: p.10-12</subfield>
  </datafield>
  <datafield tag="520" ind1=" " ind2=" ">
    <subfield code="a">In 1966, AG Noorani in his important work. The trail of Bhagat Singh politics of justices provided detailed insights into the trial of Bhagat Singh. Rajguru and Sukhdev, albeit form algal perspective. That Singh and his two comrades were victims of a travesty of justice that amounted to nothing short of judicial murder, was one of the core arguments of Norani&#x2019;s murder, was one of the core arguments of Noorani&#x2019;s book. Following this study, a range of works focusing on the activities of Bhagat Singh and by extension, the Hindustan socialist republication association (HSRA), came out in quick succession. &#x2013;Reproduced </subfield>
  </datafield>
  <datafield tag="773" ind1=" " ind2=" ">
    <subfield code="a">The Book Review  </subfield>
  </datafield>
  <datafield tag="906" ind1=" " ind2=" ">
    <subfield code="a">BOOK REVIEW </subfield>
  </datafield>
  <datafield tag="942" ind1=" " ind2=" ">
    <subfield code="c">AR</subfield>
  </datafield>
  <datafield tag="952" ind1=" " ind2=" ">
    <subfield code="0">0</subfield>
    <subfield code="1">0</subfield>
    <subfield code="2">ddc</subfield>
    <subfield code="4">0</subfield>
    <subfield code="7">0</subfield>
    <subfield code="9">408623</subfield>
    <subfield code="a">IIPA</subfield>
    <subfield code="b">IIPA</subfield>
    <subfield code="d">2026-05-26</subfield>
    <subfield code="h">49(1), Jan, 2025: p.10-12</subfield>
    <subfield code="p">AR138940</subfield>
    <subfield code="r">2026-05-26</subfield>
    <subfield code="y">AR</subfield>
  </datafield>
</record>
